Sports Quiz

Random Sports Quiz

2013 AFL Dream Team Quiz Stats

 Plays Quiz not verified by Sporcle

Support Sporcle.
Go Orange.
Score 0/50 Timer 11:00
0 Plays Today
Team Player % Correct
Gold CoastGary Ablett
100%
CollingwoodDane Swan
98.6%
CollingwoodScott Pendlebury
98.6%
GeelongJoel Selwood
97.1%
West CoastScott Selwood
97.1%
St. KildaLeigh Montagna
95.7%
St. KildaNick Riewoldt
91.3%
Port AdelaideTravis Boak
88.4%
EssendonBrendon Goddard
82.6%
EssendonBrent Stanton
82.6%
SydneyKieren Jack
81.2%
RichmondDustin Martin
81.2%
SydneyJosh P. Kennedy
81.2%
AdelaidePatrick Dangerfield
81.2%
BrisbaneTom Rockliff
79.7%
HawthornSam Mitchell
78.3%
RichmondTrent Cotchin
78.3%
Port AdelaideKane Cornes
76.8%
West CoastMatt Priddis
76.8%
FremantleMichael Barlow
75.4%
St. KildaJack Steven
75.4%
Western BulldogsRyan Griffen
75.4%
AdelaideRory Sloane
73.9%
West CoastDean Cox
71%
GWSCallan Ward
71%
Team Player % Correct
SydneyJarrad McVeigh
68.1%
St. KildaNick Dal Santo
68.1%
Port AdelaideChad Wingard
68.1%
GeelongSteve Johnson
68.1%
CollingwoodSteele Sidebottom
66.7%
AdelaideScott Thompson
66.7%
RichmondBrett Deledio
65.2%
BrisbaneJack Redden
65.2%
GeelongJimmy Bartel
63.8%
HawthornJarryd Roughead
60.9%
Port AdelaideBrad ****
59.4%
Western BulldogsTom Liberatore
59.4%
Gold CoastDion Prestia
59.4%
North MelbourneTodd Goldstein
52.2%
CollingwoodTravis Cloke
52.2%
SydneyRyan O'Keefe
50.7%
GeelongMathew Stokes
50.7%
AdelaideRichard Douglas
46.4%
HawthornJordan Lewis
44.9%
Western BulldogsWill Minson
40.6%
Gold CoastJaeger O'Meara
39.1%
RichmondShaun Grigg
37.7%
RichmondDaniel Jackson
36.2%
GeelongMitchell Duncan
33.3%
EssendonMichael Hibberd
33.3%

You're not logged in!

Compare scores with friends on all Sporcle quizzes.
OR
Log In

From the Vault

Movie to Song to Music Artist

by MSUKent

You're going to have to travel a strange and winding path to finish this one.
Remove Ads.
Support Sporcle.
Get the best of Sporcle when you Go Orange. This ad-free experience offers more features, more stats, and more fun while also helping to support Sporcle. Thank you for becoming a member.

Show Comments

Extras

Top Quizzes Today


Score Distribution

Your Account Isn't Verified!

In order to create a playlist on Sporcle, you need to verify the email address you used during registration. Go to your Sporcle Settings to finish the process.

Report this User

Report this user for behavior that violates our Community Guidelines.

Details: